00424nam a2200181Ia 4500008004100000020001800041050001400059100001900073245002900092245002200121260001500143260001600158260000900174300001400183300002700197300001000224500000800234170918s9999 xx 000 0 und d a9780545292481 bM123 2009 aMcCarty, Peter aJeremy draws a monster / cby Peter McCarty. aNew York : bScholastic, c2009 aunpaged : bcolored illustration ; c23cm. a160